000 00324nam a2200157Ia 4500
008 100122s9999 xx 000 0 und d
082 _b77067
_a823
100 _aHOWARD CLARK
245 _aDIRT RICH
250 _a1
260 _c1987
300 _a608
630 _aDIRT RICH
730 _aDIRT RICH
942 _cBOOK
999 _c394018
_d394015